Statistics for Соседние страны от А до Я

Click here to take the quiz!

General Stats

  • This quiz has been taken 271 times
  • The average score is 23 of 27

Answer Stats

СоседБукваСтрана% Correct
БеларусьРРоссия
95%
КамерунЦЦентральноафриканская Республика
93%
ШвецияФФинляндия
93%
АвстрияЧЧехия
92%
ЧерногорияХХорватия
92%
ПольшаЛЛитва
92%
СловенияВВенгрия
91%
ОманЙЙемен
91%
АргентинаУУругвай
91%
Россия(Японское Море)ЯЯпония
90%
КНДРЮЮжная Корея
90%
РумынияММолдова
88%
ТурцияААрмения
87%
ИталияШШвейцария
86%
Объединённые Арабские ЭмиратыООман
86%
Босния и ГерцеговинаССербия
85%
ТуркменистанККазахстан
82%
ДР КонгоЗЗамбия
82%
ЭквадорППеру
79%
ИзраильЕЕгипет
78%
КувейтИИрак
76%
СомалиЭЭфиопия
76%
Коста-рикаННикарагуа
75%
ГаитиДДоминиканская Республика
73%
НамибияББотсвана
69%
ГанаТТого
66%
ЛиберияГГвинея
60%

Score Distribution

Percentile by Number Answered

Percent of People with Each Score

Your Score History

You have not taken this quiz